Language of cyber attacks: a rhetoric of deception (Record no. 1679872)

MARC details
000 -LEADER
fixed length control field 00687 a2200229 4500
005 - DATE AND TIME OF LATEST TRANSACTION
control field 20260420161359.0
008 - FIXED-LENGTH DATA ELEMENTS--GENERAL INFORMATION
fixed length control field 260420b |||||||| |||| 00| 0 eng d
020 ## - INTERNATIONAL STANDARD BOOK NUMBER
International Standard Book Number 9781350354678 (pbk)
037 ## - SOURCE OF ACQUISITION
Terms of availability TB
040 ## - CATALOGING SOURCE
Original cataloging agency CRL
Transcribing agency CRL
041 ## - LANGUAGE CODE
Source of code eng
Language code of text/sound track or separate title eng
084 ## - COLON CLASSIFICATION NUMBER
Classification number D65,8(B):894 R4
Assigning agency CRL
100 ## - MAIN ENTRY--PERSONAL NAME
Personal name Mauro, Arron
9 (RLIN) 1116085
245 ## - TITLE STATEMENT
Title Language of cyber attacks: a rhetoric of deception
260 ## - PUBLICATION, DISTRIBUTION, ETC.
Place of publication, distribution, etc. London, UK:
Name of publisher, distributor, etc. Bloomsbury,
Date of publication, distribution, etc. 2024.
300 ## - PHYSICAL DESCRIPTION
Extent 224p.
365 ## - TRADE PRICE
Price amount 2226.26
Currency code INR
650 ## - SUBJECT ADDED ENTRY--TOPICAL TERM
Topical term or geographic name entry element Computer Crime
9 (RLIN) 708572
650 ## - SUBJECT ADDED ENTRY--TOPICAL TERM
Topical term or geographic name entry element Cyber Crime
942 ## - ADDED ENTRY ELEMENTS (KOHA)
Koha item type Textbook
Source of classification or shelving scheme Colon Classification (CC)
Classification part D65,8(B):894 R4
Holdings
Withdrawn status Lost status Source of classification or shelving scheme Damaged status Not for loan Home library Current library Date acquired Source of acquisition Cost, normal purchase price Inventory number Total Checkouts Full call number Barcode Date last seen Cost, replacement price Price effective from Koha item type
    Colon Classification (CC)     Central Library Central Library 2026-04-20 29/ Excel Media 1781.01 6559 & 2026-02-18   D65,8(B):894 R4 CL1926440 2026-02-18 2226.26 2026-02-18 Textbook
Copyright @ Delhi University Library System